000 00752cab a2200241 4500
001 WB2716-07
008 090401t1991 xxu||||| |||| 00| 0 eng d
035 _a(Sirsi) u60674
041 _aeng
245 _aStone cleaning warning
260 _c1991
350 _a0
490 _aScotsman
_v18/4/91 p7
490 _aGlasgow Herald
_v18/4/91 p2(2)
520 _aA study undertaken by researchers in Aberdeen shows that some of the stone cleaning done to buildings may be doing more long-term harm than good.
650 _aEROSION
650 _aHISTORIC BUILDINGS
650 _aHISTORIC SCOTLAND
650 _aSCOTTISH DEVELOPMENT AGENCY
690 _aBUILDING AND CONSTRUCTION-REPAIRS AND MAINTENANCE
942 _n0
948 _c04/03/1997
999 _c37474
_d37474